000
00282nam a22001337a 4500
008
210528b ||||| |||| 00| 0 eng d
041
_a
eng
080
_a
617
082
_a
617
100
_a
5
101
_a
KIR
245
_a
Practice of Surgery
_c
Ballinger,W.F
942
_2
udc
_c
BK
999
_c
57782
_d
57782